U.S. States by State Reptile - Statistics

General Stats
  • This quiz has been taken 32 times
  • The average score is 11 of 30
Answers on the Map
Answers color-coded by a green-red scale on the quiz's map according to % correct below.
 
Answer Stats
Hint Answer % Correct
Florida American Alligator
70%
Louisiana American Alligator
70%
Mississippi American Alligator
70%
Utah Gila Monster
70%
North Carolina Eastern Box Turtle
59%
Tennessee Eastern Box Turtle
59%
New York Common Snapping Turtle
44%
California Desert Tortoise
41%
Nevada Desert Tortoise
41%
Virginia Eastern Garter Snake
41%
Massachusetts Garter Snake
41%
Colorado Western Painted Turtle
37%
Illinois Painted Turtle
33%
Michigan Painted Turtle
33%
Vermont Painted Turtle
33%
Texas Texas Horned Lizard
30%
West Virginia Timber Rattlesnake
30%
Maryland Diamondback Terrapin
26%
Georgia Gopher Tortoise
26%
Kansas Ornate Box Turtle
26%
New Jersey Bog Turtle
22%
Oklahoma Common Collared Lizard
22%
Wyoming Horned Lizard
22%
Minnesota Blanding's Turtle
19%
South Carolina Loggerhead Sea Turtle
19%
Ohio Northern Black Racer
19%
Alabama Alabama Red-bellied Turtle
15%
New Mexico New Mexico Whiptail Lizard
15%
Missouri Three-toed Box Turtle
15%
Arizona Arizona Ridge-nosed Rattlesnake
7%
No matching quizzes found
Score Distribution
Percent of People with Each Score
Percentile by Number Answered
Your Score History
You have not taken this quiz